Multi-sensor image fusion and its applications / (Record no. 178683)
[ view plain ]
| 000 -LEADER | |
|---|---|
| fixed length control field | 01386 a2200229 4500 |
| 003 - CONTROL NUMBER IDENTIFIER | |
| control field | Nust |
| 005 - DATE AND TIME OF LATEST TRANSACTION | |
| control field | 20220804105203.0 |
| 010 ## - LIBRARY OF CONGRESS CONTROL NUMBER | |
| LC control number | 2005041824 |
| 020 ## - INTERNATIONAL STANDARD BOOK NUMBER | |
| International Standard Book Number | 0849334179 (alk. paper) |
| 040 ## - CATALOGING SOURCE | |
| Transcribing agency | Nust |
| 082 00 - DEWEY DECIMAL CLASSIFICATION NUMBER | |
| Classification number | 621.367,MUL |
| 245 00 - TITLE STATEMENT | |
| Title | Multi-sensor image fusion and its applications / |
| Statement of responsibility, etc. | edited by Rick S. Blum and Zheng Liu. |
| 260 ## - PUBLICATION, DISTRIBUTION, ETC. | |
| Place of publication, distribution, etc. | Boca Raton, FL : |
| Name of publisher, distributor, etc. | Taylor & Francis, |
| Date of publication, distribution, etc. | 2006. |
| 300 ## - PHYSICAL DESCRIPTION | |
| Extent | xv, 505 p. : |
| Other physical details | ill. ; |
| Dimensions | 24 cm. |
| 440 #0 - SERIES STATEMENT/ADDED ENTRY--TITLE | |
| Title | Signal processing and communications ; |
| Volume/sequential designation | 25 |
| 9 (RLIN) | 95561 |
| 505 ## - FORMATTED CONTENTS NOTE | |
| Formatted contents note | An Overview of Image Fusion (Page-1), Mutual Information Based Image Registration with Application to 3D Medical Brain Imagery (Page-37), Studies of Registration and Fusion of Retinal Images (Page-57), No rigid MR/US Registration for Tracking Brain Deformations (Page-107), Multisensory Data Inversion and Fusion Based on Shared Image Structure (Page-145), Entropic Graphs for Registration (Page-185), Fusion of Images from Different Eletro-Optical Sensing Modalities for Surveillance and Navigation Tasks (Page-237), A Statistical Signal Processing Approach to Image Fusion using Hidden Markov Models (Page-265). |
| 650 #0 - SUBJECT ADDED ENTRY--TOPICAL TERM | |
| Topical term or geographic name entry element | Telecommunication Engineering. |
| 700 1# - ADDED ENTRY--PERSONAL NAME | |
| Personal name | Blum, Rick S. |
| 9 (RLIN) | 96509 |
| 700 1# - ADDED ENTRY--PERSONAL NAME | |
| Personal name | Liu, Zheng, |
| Dates associated with a name | 1969 July 7- |
| 9 (RLIN) | 96510 |
| 856 42 - ELECTRONIC LOCATION AND ACCESS | |
| Materials specified | Publisher description |
| Uniform Resource Identifier | <a href="http://www.loc.gov/catdir/enhancements/fy0648/2005041824-d.html">http://www.loc.gov/catdir/enhancements/fy0648/2005041824-d.html</a> |
| 942 ## - ADDED ENTRY ELEMENTS (KOHA) | |
| Koha item type | Reference |
| Source of classification or shelving scheme | |
| Withdrawn status | Lost status | Source of classification or shelving scheme | Damaged status | Not for loan | Permanent Location | Current Location | Shelving location | Date acquired | Full call number | Barcode | Date last seen | Price effective from | Koha item type | Public note |
|---|---|---|---|---|---|---|---|---|---|---|---|---|---|---|
| Military College of Signals (MCS) | Military College of Signals (MCS) | Reference | 12/12/2016 | 621.367,MUL | MCS32467 | 12/08/2016 | 12/12/2016 | Reference | Almirah No.20, Shelf No.5 |
